000 00395nam a2200157Ia 4500
005 20250122012044.0
008 240331s9999 xx 000 0 und d
020 _a095479981X
082 _bROO
_a920
245 0 _aAJ :
_b The Rooted Cosmopolitan
260 _aUnited Kingdom
_bTamiliyal
_c2008
300 _axix, 245 p .,
500 _aBiography
700 _akanaganayagam,C.
_eedt
942 _cL
999 _c5834
_d5834